000 00473nam a2200181Ia 4500
008 221030s9999 xx 000 0 und d
020 _a0070605025
041 _aEnglish
082 _a105.23
_bLip
100 _aS. Lipschutz
245 0 _aSchaum`s Outline of Theroy & Problems of Linear Algebra
_cby S. Lipschutz, L. M. Lipson
250 _a3rd
260 _bTMH
_aNew Delhi
_c2006
300 _a424
650 _aBE Mathematics
700 _aL. M. Lipson
942 _cBK
999 _c3549
_d3549